LEADER 05242nam1 22007213i 450 001 UBO0256225 005 20251003044418.0 010 $a8813196776 020 $aIT$b97-4949 035 $a(OCoLC)797757809 100 $a20190107d1996 ||||0itac50 ba 101 | $aita 102 $ait 181 1$6z01$ai $bxxxe 182 1$6z01$an 183 1$6z01$anc$2RDAcarrier 200 1 $aˆL'‰azienda museo$eproblemi economici, gestionali e organizzativi$fa cura di Angela Roncaccioli 210 $aPadova$cCEDAM$d1996 215 $aXXII, 357 p.$d24 cm. 225 | $aUniversità degli studi di Verona, Istituto di studi industriali bancari e del terziario G. Panati$v9 410 0$1001VIA0012168$12001 $aUniversità degli studi di Verona, Istituto di studi industriali bancari e del terziario G. Panati$v9$171201$aUniversità degli studi$c $b : Istituto di studi industriali bancari e del terziario$3CFIV135792 464 1$1001RMR0111524$12001 $aˆAn ‰American museum in Italy$fPhilip Rylands.$1700 1$aRylands$b, Philip$3LO1V016070$4070 464 1$1001RMR0117185$12001 $aAssetti istituzionali innovativi per la cultura$fAnna M. Alessandra Merlo.$1700 1$aMERLO$b, Anna M. Alessandra$3RMRV034010$4070 464 1$1001RMR0125484$12001 $aCambiamenti nella pubblica amministrazione e nuovo modo di concepire l''economicità dei servizi$fGiuliano Taddei Saltini.$1700 1$aTADDEI SALTINI$b, Giuliano$3RMRV040598$4070 464 1$1001RMR0127965$12001 $aˆUn ‰caso di intervento privato in attività non profit$ePalazzo Grassi s.p.a.$fGiuseppe Donegà.$1700 1$aDONEGA'$b, Giuseppe$3RMRV042741$4070 464 1$1001RMR0150239$12001 $aEconomicità e gestione del museo$fBruno Bernardi.$1700 1$aBERNARDI$b, Bruno$3RMRV060423$4070 464 1$1001RMR0160065$12001 $aFirenze$earte ed economia$fLaura Carlini.$1700 1$aCARLINI$b, Laura$3RMRV068072$4070 464 1$1001RMR0160738$12001 $aˆLa ‰Fondazione Scientifica Querini-Stampalia$easpetti organizzativi e gestionali$fElena Dalle Rive.$1700 1$aDALLE RIVE$b, Elena$3RMRV068576$4070 464 1$1001RMR0162868$12001 $aFunzione formative-didattiche dei musei locali$fSara Santoro.$1700 1$aSantoro$b, Sara$f <1950-2016>$3CFIV005935$4070 464 1$1001RMR0173561$12001 $aˆL''‰innovazione nella gestione delle attività non profit$fCarlo G. Valli.$1700 1$aVALLI$b, Carlo G.$3RMRV078831$4070 464 1$1001RMR0192090$12001 $aˆIl ‰modello anglo-sassone del Trust$evantaggi e svantaggi$fNeil MacGregor.$1700 1$aMACGREGOR$b, Neil$3RMRV093806$4070 464 1$1001RMR0194549$12001 $aˆI ‰Musei di Verona$erealtà e prospettive$fAngela Roncaccioli.$1700 1$aRoncaccioli$b, Angela$3CFIV013893$4070 464 1$1001RMR0194556$12001 $aMusei e turismo$evalutazione delle caratteristiche di accoglienza per il visitatore$fLaura Pezzoni.$1700 1$aPEZZONI$b, Laura$3RMRV095862$4070 464 1$1001RMR0194560$12001 $aˆI ‰musei veneziani$eindagine sulle strutture permanenti$fStefania Funari, Ivana Simionato.$1700 1$aFUNARI$b, Stefania$3RMRV095864$4070$1701 1$aSIMIONATO$b, Ivana$3RMRV095865$4070 464 1$1001RMR0201878$12001 $aˆL''‰organizzazione a rete$eun possibile modello per i musei locali$fMassimo Bianchi.$1700 1$aBIANCHI$b, Massimo$3RMRV101831$4070 464 1$1001RMR0205497$12001 $aˆIl ‰patrimonio delle fondazioni culturali$econsiderazioni su un''evoluzione strutturale$fGiorgio Busetto.$1700 1$aBUSETTO$b, Giorgio$3RMRV104749$4070 464 1$1001RMR0220062$12001 $aˆLa ‰Réunion des Musées Nationaux, strumento del sistema museale francese$fGuillaume Monsaingeon.$1700 1$aMONSAINGEON$b, Guillaume$3RMRV116036$4070 464 1$1001RMR0221348$12001 $aRisultati di una indagine sui Musei Britannici$fRosa Maria Letts.$1700 1$aLETTS$b, Rosa Maria$3RMRV117033$4070 606 $aMusei$xOrganizzazione$2FIR$3CFIC025676$9E 606 $aMusei$xOrganizzazione$2FIR$3CFIC025676$9E 676 $a069$9Museologia$v14 676 $a069$9MUSEOLOGIA$v19 676 $a069$9$v20 676 $a069$9MUSEOLOGIA$v21 676 $a069.000$9$v21 686 $aZ6.7$cSaggi, Articoli - in italiano$2G 696 $aOrganizzazione 696 $aOrganizzazione 699 $aOrganizzazione$zOrganizzazione 699 $aOrganizzazione$zOrganizzazione 702 1$aRoncaccioli$b, Angela$3CFIV013893 801 3$aIT$bIT-000000$c20190107 850 $aIT-BN0095 $aIT-NA0457 $aIT-NA0070 $aIT-CE0072 901 $bNAP BI$cSALA 3 $nLibri da 1597 a 3785 901 $bNAP BU$c4 B $nPropedeutica. Formato cm. 20,1-28. 901 $bNAP CE$cBIBL.SOPR.$n$ 901 $bNAP 01$cPOZZO LIB.$nVi sono collocati fondi di economia, periodici di ingegneria e scienze, periodici di economia e statistica e altri fondi comprendenti documenti di economia pervenuti in dono. 912 $aUBO0256225 950 1$aBiblioteca Centralizzata di Ateneo$c1 V.$d 01POZZO LIB.ECON MON 8951$e 0101 0000112345E VMA 1 v. (precedente collocazione: GUERRAZZI B1686)$fB $h20091228$i20091228 967 $n17 977 $a 01$a BI$a BU$a CE 996 $aAzienda museo$967806 997 $aUNISANNIO